| 000 | 00444nam a2200205 4500 | ||
|---|---|---|---|
| 001 | 1932 | ||
| 003 | 0 | ||
| 005 | 20260410053258.0 | ||
| 008 | 0 | ||
| 020 | _a0 | ||
| 040 | _c0 | ||
| 082 | _2365 BAJ | ||
| 100 | _aBajpai Dr. sr | ||
| 245 | _aMethods of social survey and research | ||
| 250 | _a0 | ||
| 260 |
_aKanpur _bKitab ghar _c1985 |
||
| 300 |
_c528p, 32Rs _g10cm |
||
| 650 | _2Methods, social survey, research | ||
| 942 |
_2ddc _cBK _n0 |
||
| 999 |
_c1932 _d1932 |
||